000 00540nam a2200145 a 4500
001 000045764
005 20201002052429.0
008 150511s200u dr a 000 0 spa d
040 _aDO-SdBNP
_bspa
_cBNPHU
100 1 _aRosario Peña, Lucia Angélica
_jArgelia
_973837
245 1 4 _aLas palestras de San Francisco /
_cLucia Angélica Rosario Peña.
260 _aSan Francisco de Macorís, República Dominicana, :
_bImpresora C&F,
_c[200-].
300 _a51 p. ;
_c22 cm.
500 _aIncluye datos biografícos de la autor en la contraportada
999 _c45253
_d45253